| 000 | 00328 a2200133 4500 | ||
|---|---|---|---|
| 999 |
_c325040 _d325040 |
||
| 001 | 89967 | ||
| 003 | NUST | ||
| 005 | 20180124144433.0 | ||
| 008 | 180124b xxu||||| |||| 00| 0 eng d | ||
| 082 | _a891.4393 MUS | ||
| 100 |
_aMustansar Hussain Tarrar _99731 |
||
| 245 |
_aPyar Ka Pehla Shehr _hUrdu |
||
| 260 |
_bSang-e-Meel Pub _aLahore _c2012 |
||
| 300 | _a262p. | ||
| 500 | _aGeneral Books | ||
| 942 |
_aCAE NUST _k891.4393 MUS _cBK _2ddc |
||